Catálogo
 En Linea

El libro supremo de la numerología : (Registro nro. 50015)

Detalles MARC
000 -CABECERA
campo de control de longitud fija 00722nam a22002177a 4500
003 - IDENTIFICADOR DEL NÚMERO DE CONTROL
campo de control DO-SdBNP
005 - FECHA Y HORA DE LA ÚLTIMA TRANSACCIÓN
campo de control 20211026092916.0
007 - CAMPO FIJO DE DESCRIPCIÓN FÍSICA--INFORMACIÓN GENERAL
campo de control de longitud fija ta
008 - DATOS DE LONGITUD FIJA--INFORMACIÓN GENERAL
campo de control de longitud fija 210630e2017 dr a|||er|||| 001 0dspa d
040 ## - FUENTE DE LA CATALOGACIÓN
Centro catalogador/agencia de origen DO-SdBNP
Lengua de catalogación spa
Centro/agencia transcriptor BNPHU
082 #4 - NÚMERO DE LA CLASIFICACIÓN DECIMAL DEWEY
Número de edición 22
Número de documento/Ítem G146L
100 1# - ENTRADA PRINCIPAL--NOMBRE DE PERSONA
Nombre de persona Galán Santana, Junior Rafael,
Fechas asociadas al nombre 1980-
9 (RLIN) 70309
245 13 - MENCIÓN DE TÍTULO
Título El libro supremo de la numerología :
Resto del título el libro 5 estrella /
Mención de responsabilidad, etc. Principe Galán
250 ## - MENCIÓN DE EDICIÓN
Mención de edición 5ta. ed.
260 ## - PUBLICACIÓN, DISTRIBUCIÓN, ETC.
Lugar de publicación, distribución, etc. Santo Domingo :
Nombre del editor, distribuidor, etc. El Príncipe Galán,
Fecha de publicación, distribución, etc. 2017.
300 ## - DESCRIPCIÓN FÍSICA
Extensión [23 p.]:
Otras características físicas il. ;
Dimensiones 22 cm.
500 ## - NOTA GENERAL
Nota general Conozca el secreto numerológico de su signo para este año, con el secreto de los sueños y los astros.
590 ## - NOTA LOCAL (RLIN)
Nota local Inventariado 2021 / MF
910 ## - DATOS DE OPCIÓN DEL USUARIO (OCLC)
Datos de opción del usuario MF
942 ## - ELEMENTOS DE PUNTO DE ACCESO ADICIONAL (KOHA)
Fuente del sistema de clasificación o colocación Dewey Decimal Classification
Tipo de ítem Koha Folleto
Existencias
Estado de retiro Estado de pérdida Fuente del sistema de clasificación o colocación No para préstamo Código de colección Localización permanente Ubicación/localización actual Ubicación en estantería Fecha de adquisición Fuente de adquisición Total de préstamos Signatura topográfica completa Código de barras Fecha visto por última vez Precio válido a partir de Tipo de ítem Koha Número de copia Nota pública
    Dewey Decimal Classification Préstamo en sala Dominicana de Servicio Biblioteca Nacional Pedro Henríquez Ureña Dominicana Depósito 28.09.2018 Depósito legal   BNPHU DS G146L 2021-2287 30.06.2021 30.06.2021 Libro y Folleto Colección Dominicana de Servicio e.3  
    Dewey Decimal Classification Excluido de préstamo Patrimonio Dominicano Biblioteca Nacional Pedro Henríquez Ureña Patrimonio Dominicano Depósito 28.09.2017 Depósito legal   BNPHU PD G146L 2021-2284 30.06.2021 30.06.2021 Libro y Folleto Colección Patrimonio Dominicano    
    Dewey Decimal Classification Préstamo restrigido Patrimonio Dominicano Biblioteca Nacional Pedro Henríquez Ureña Patrimonio Dominicano Depósito 28.09.2018 Depósito legal   BNPHU PD G146L 2021-2286 30.06.2021 30.06.2021 Libro y Folleto Colección Patrimonio Dominicano e.2 Folleto autobiorafiado

Con tecnología Koha